000
00363nam a2200133Ia 4500
008
151001s9999||||xx |||||||||||||| ||und||
100
_a
कुश्नचंदर
245
_a
एक गधा नफा में
250
_a
1
260
_b
हिंदी पोकेट बुक्स
260
_c
1992
300
_a
146
365
_b
18
999
_c
972216
_d
972213